000 00796nam a2200265 a 4500
001 BRCA_5528
005 20190320205122.0
008 080220s1934----gw-#######---#000-0#ger-#
041 _ager
044 _agw
050 4 _aND566
_b.L87 1934
100 1 _aLutze, Eberhard
_914109
245 1 0 _aMalerei des deutschen Barock und Rokoko
_cEberhard Lutze.
260 _aNuremberg
_bGermanischen Nationalmuseums
_c1934
300 _a16 p.
_bil., 106 láminas
_c19 cm.
500 _aF3
650 1 4 _aPinturas barrocas
_914110
650 1 4 _aPinturas rococó
_914111
650 1 4 _aPintura alemana
_99335
650 1 4 _aGalerías y museos
_zAlemania
_95059
650 1 4 _aPintura
_xHistoria
_914112
710 2 _aGermanisches Nationalmuseum (Nuremberg)
_eEditor
_914113
902 _aGFM
942 _2lcc
_cB
999 _c5222
_d5222